Harry Potter Character - Sudden Death - Statistics

General Stats
  • This quiz has been taken 123 times
  • The average score is 13 of 20
Answers on the Grid
Answers color-coded by a green-red scale on the quiz's grid according to % correct below.
Nicholas Flammel
Terance Overhurst
Antonin Dolohov
Dorian Wilcox
Stan Shunkpike
Quirinus Quirrell
Charlie Weasely
Professer Trinket
Xenophilius Lovegood
Madam Hooch
Penelope Polodovic
Mary Cattermole
Madam Rosmertta
Alaric Severest
Dean Thomas
Marcus Belby
Rachel Moore
Ariana Dumbledore
Igor Karkaroff
Lore Greenfriar
Kingsely Shacklebolt
Professor Malinock
Professor Grubbly-Plank
Argus Filch
Terry Boot
Armanda Starburn
Ludovic Bagman
Jack Spinner
Zacharias Smith
Hepzibah Smith
 
Answer Stats
Answer % Correct
Nicholas Flammel
90%
Quirinus Quirrell
88%
Argus Filch
83%
Xenophilius Lovegood
83%
Charlie Weasely
81%
Igor Karkaroff
75%
Madam Hooch
75%
Dean Thomas
74%
Ariana Dumbledore
67%
Kingsely Shacklebolt
66%
Stan Shunkpike
57%
Madam Rosmertta
55%
Antonin Dolohov
52%
Ludovic Bagman
51%
Professor Grubbly-Plank
50%
Zacharias Smith
49%
Mary Cattermole
45%
Marcus Belby
40%
Hepzibah Smith
39%
Terry Boot
35%
No matching quizzes found
Score Distribution
Percent of People with Each Score
Percentile by Number Answered
Your Score History
You have not taken this quiz